| 000 | 01233nam a22003617i 4500 | ||
|---|---|---|---|
| 001 | 016020008252065 | ||
| 003 | CZ PrSKC | ||
| 005 | 20260512151005.0 | ||
| 008 | 260430s2026 xr ||||b |||| 00| 1 cze d | ||
| 020 | _a9788027529223 | ||
| 040 |
_aUOG001 _bcze _dULG001 _erda |
||
| 041 | 1 |
_acze _hpol |
|
| 072 | 7 |
_a159.93/.94 _xSenzorické a motorické funkce. Emoce. Vůle _2Konspekt |
|
| 072 | 7 |
_a0/9-053.2 _xLiteratura pro děti a mládež (naučná) _2Konspekt |
|
| 080 |
_a159.942 _2MRF |
||
| 080 |
_a(084.11) _2MRF |
||
| 080 |
_a(0.053.2) _2MRF |
||
| 100 | 1 |
_aOziewicz, Tina, _d1971- _4aut _918411 |
|
| 240 | 1 | 0 |
_aUczucia i mądrość. _lČesky |
| 245 | 1 | 0 |
_aPocity a Moudrost / _cTina Oziewiczová ; ilustrovala Aleksandra Zającová ; přeložila Anna Halfarová |
| 250 | _aPrvní vydání | ||
| 264 | 1 |
_aBrno : _bHost, _c2026 |
|
| 300 |
_a65 nečíslovaných stran : _bbarevné ilustrace ; _c26 cm |
||
| 500 | _aPřeloženo z polštiny | ||
| 650 | 0 | 7 |
_aemoce _2czenas _91779 |
| 655 | 7 | _aobrazové publikace | |
| 655 | 7 | _apublikace pro děti | |
| 700 | 1 |
_aZając, Aleksandra, _d1988- _4ill _918412 |
|
| 700 | 1 |
_aHalfarová, Anna _4trl _96221 |
|
| 710 | 2 |
_aHost (vydavatelství) _4pbl |
|
| 910 | _aABG508 | ||
| 999 |
_c34271 _d34271 |
||